|
|
|
|
| LEADER |
00000nam a2200000 a 4500 |
| 001 |
vtls001074746 |
| 003 |
SK-MaSNL |
| 005 |
20260301193539.0 |
| 008 |
250414s1994 xo slo |
| 015 |
|
|
|a SNBA1994/04
|
| 020 |
|
|
|a 8022306282
|
| 035 |
|
|
|a SNK000017578
|
| 035 |
|
|
|a urn:nbn:sk:snk-amli5t
|
| 035 |
|
|
|a urn:nbn:sk:snk-am00bno7
|
| 035 |
|
|
|a FC71076A-9D95-4281-B435-863247BF3F8A
|
| 040 |
|
|
|a SNK
|b slo
|c SNK
|e AACR2
|
| 041 |
0 |
|
|a slo
|
| 044 |
|
|
|a xo
|c SK
|
| 080 |
|
|
|a 616.34/.35-089+616.13/.14-089(075.8)
|2 1981
|
| 080 |
|
|
|a 616.13/.14-089
|2 1981
|
| 100 |
1 |
|
|a Ohrádka, Bernard,
|d 1937-
|4 aut
|9 150916
|
| 245 |
1 |
0 |
|a Špeciálna chirurgia
|n IV
|c Bernard Ohrádka
|
| 250 |
|
|
|a 1. vyd.
|
| 260 |
|
|
|a Bratislava
|b Univerzita Komenského
|c 1994
|e Bratislava
|f Polygrafické stredisko UK
|
| 300 |
|
|
|a 167 s., 12,00 AH, 12,45 VH
|b Sch.
|c 29 cm
|
| 366 |
|
|
|e 1200 výt.
|
| 500 |
|
|
|a Vysokoškolské skriptá
|
| 650 |
0 |
7 |
|a špeciálna chirurgia
|2 SNKPH
|9 67374
|
| 655 |
|
7 |
|a učebnice vysokých škôl
|2 SNKPH
|9 70191
|
| 852 |
|
|
|a Slovenská národná knižnica
|
| 919 |
|
|
|a 80-223-0628-2
|
| 958 |
0 |
7 |
|a RM
|
| 958 |
0 |
7 |
|a UV
|
| 999 |
|
|
|c 877892
|d 879822
|
| 952 |
|
|
|t P60, <04>, [BOOK], {604}
|a SNK
|b SNK
|y VYP
|7 0
|p 17A0030354
|o snkSB 51458/4 D1
|0 0
|1 0
|4 0
|d 1997-01-07
|l 0
|r 2004-12-31 00:00:00
|w 2026-02-24
|
| 952 |
|
|
|a SNK
|b SNK
|y PREZ
|7 0
|p 17A0904346
|o snkSB 51458/4
|0 0
|1 0
|4 0
|d 2012-08-08
|f 1
|l 0
|r 2025-03-12 00:00:00
|w 2026-02-24
|